[Event "NAYCC U10 w"]
[Site "Windsor CAN"]
[Date "2016.08.08"]
[Round "2.155"]
[White "Kondakova, Elena"]
[Black "Pang, Ashley"]
[Result "0-1"]
[WhiteElo "1182"]
[BlackElo "1107"]
[PlyCount "28"]
[EventDate "2016.08.07"]
[EventType "swiss"]
[EventRounds "9"]
[EventCountry "CAN"]

1. e4 e5 2. Nf3 d5 3. exd5 Bd6 4. Nc3 Nf6 5. Bc4 O-O 6. O-O e4 7. Nd4 Bxh2+ 8.
Kxh2 Ng4+ 9. Kg1 Qh4 10. Re1 Qxf2+ 11. Kh1 Qh4+ 12. Kg1 Qh2+ 13. Kf1 Qh1+ 14.
Ke2 Qxg2# 0-1

[Event "NAYCC U10 w"]
[Site "Windsor CAN"]
[Date "2016.08.08"]
[Round "2.156"]
[White "Gilani, Mysha"]
[Black "Yeung, Sydney"]
[Result "1-0"]
[WhiteElo "1472"]
[BlackElo "742"]
[PlyCount "63"]
[EventDate "2016.08.07"]
[EventType "swiss"]
[EventRounds "9"]
[EventCountry "CAN"]

1. d4 d5 2. c4 dxc4 3. e4 Nc6 4. Be3 Nf6 5. Nc3 Bg4 6. f3 Bh5 7. Bxc4 e5 8. d5
Na5 9. Qa4+ Qd7 10. Qxa5 c6 11. dxc6 Qxc6 12. Bb5 Qxb5 13. Qxb5+ Nd7 14. Qxb7
Rb8 15. Qxa7 Rxb2 16. Qa8+ Rb8 17. Qa6 Bb4 18. Bd2 O-O 19. Nd5 Bxd2+ 20. Kxd2
Rb2+ 21. Kc1 Rxg2 22. Ne7+ Kh8 23. Qf1 Rg5 24. Nh3 Bxf3 25. Qxf3 Re8 26. Nxg5
Rxe7 27. Nxf7+ Kg8 28. Nd6 Kh8 29. Rf1 Kg8 30. Rb1 Re6 31. Rb8+ Nxb8 32. Qf8#
1-0

[Event "NAYCC U10 w"]
[Site "Windsor CAN"]
[Date "2016.08.08"]
[Round "2.157"]
[White "Kobla, Rithika"]
[Black "Wang, Jenna"]
[Result "1/2-1/2"]
[WhiteElo "953"]
[BlackElo "685"]
[PlyCount "134"]
[EventDate "2016.08.07"]
[EventType "swiss"]
[EventRounds "9"]
[EventCountry "CAN"]

1. e4 e5 2. Nf3 Nc6 3. Bc4 d6 4. c3 Bg4 5. d4 Nf6 6. Nbd2 Be7 7. Qb3 Be6 8. d5
Na5 9. Qa4+ Bd7 10. Qxa5 O-O 11. O-O a6 12. Re1 Qe8 13. Qxc7 Rb8 14. Nf1 Bg4
15. Re3 Bxf3 16. Rxf3 Nxe4 17. Be3 Nc5 18. b4 Ne4 19. Ba7 Rc8 20. Qxb7 Rxc4 21.
Qxa6 Rxc3 22. Rxc3 Nxc3 23. Qc4 Qa8 24. Be3 Nxd5 25. Bd2 Bf6 26. Qg4 g6 27. Ng3
e4 28. Re1 Qxa2 29. Nxe4 Re8 30. Nxf6+ Nxf6 31. Rxe8+ Nxe8 32. Qe2 Qb1+ 33. Qe1
Qxe1+ 34. Bxe1 Nc7 35. Kf1 Kf8 36. Ke2 Ke7 37. Kd3 Kd7 38. Kc4 Kc8 39. b5 Kb7
40. Ba5 Ne6 41. Kd5 Nf4+ 42. Kxd6 Nxg2 43. b6 f5 44. Ke6 Nf4+ 45. Kf7 h5 46. h4
Ka6 47. f3 g5 48. Be1 g4 49. fxg4 fxg4 50. Kf6 Nd3 51. Bg3 Kxb6 52. Kg5 Kc6 53.
Kxh5 Kd7 54. Kxg4 Ke8 55. h5 Kf8 56. h6 Kg8 57. Kg5 Kh7 58. Kh5 Nc5 59. Bd6 Ne4
60. Bf8 Nf6+ 61. Kg5 Ne4+ 62. Kf5 Nc3 63. Bg7 Nb5 64. Kf6 Nd4 65. Kf7 Nf5 66.
Kf6 Nxh6 67. Bxh6 Kxh6 1/2-1/2

[Event "NAYCC U10 w"]
[Site "Windsor CAN"]
[Date "2016.08.08"]
[Round "2.158"]
[White "Zhou, Madison"]
[Black "Ye, Sarah"]
[Result "0-1"]
[WhiteElo "737"]
[BlackElo "914"]
[PlyCount "48"]
[EventDate "2016.08.07"]
[EventType "swiss"]
[EventRounds "9"]
[EventCountry "CAN"]

1. e4 e5 2. Nf3 Nc6 3. Bc4 Bc5 4. O-O Nf6 5. Nc3 d6 6. d3 Bg4 7. h3 Bh5 8. Be3
Bb6 9. g4 Bg6 10. Nh4 Nd7 11. Nxg6 hxg6 12. Qe2 Qh4 13. Qf3 O-O-O 14. Bxf7 Rdf8
15. Nd5 Nd8 16. Nxb6+ axb6 17. Qg3 Qxh3 18. Qxh3 Rxh3 19. Bxg6 Rh4 20. Bh5 g6
21. Bxg6 Rxg4+ 22. Kh2 Rh8+ 23. Bh7 Rxh7+ 24. Bh6 Rxh6# 0-1

[Event "NAYCC U10 w"]
[Site "Windsor CAN"]
[Date "2016.08.08"]
[Round "2.159"]
[White "Zhang, Wendy"]
[Black "Surya, Dania"]
[Result "1-0"]
[WhiteElo "848"]
[BlackElo "626"]
[PlyCount "111"]
[EventDate "2016.08.07"]
[EventType "swiss"]
[EventRounds "9"]
[EventCountry "CAN"]

1. e4 d5 2. exd5 Qxd5 3. Nc3 Qa5 4. Bc4 Nc6 5. Nf3 Bg4 6. O-O O-O-O 7. Bxf7 Ne5
8. Be6+ Nd7 9. Bxg4 Ngf6 10. Nd4 e6 11. Nxe6 Re8 12. Ng5 Qxg5 13. h3 Bd6 14. d4
Qh4 15. Bf3 Re6 16. d5 Re7 17. b3 g5 18. Nb5 Be5 19. Re1 g4 20. Bxg4 Nxg4 21.
Qxg4 Qxg4 22. hxg4 Rg7 23. g5 Bxa1 24. Bf4 Be5 25. Bxe5 Nxe5 26. Rxe5 Kd8 27.
Nd4 Re8 28. Ne6+ Kd7 29. Nc5+ Kd6 30. Rxe8 Kxc5 31. Re5 Kd6 32. f4 Re7 33. Rxe7
Kxe7 34. Kf2 Kf7 35. Ke3 Kg7 36. Ke4 h6 37. gxh6+ Kxh6 38. Ke5 Kg7 39. d6 cxd6+
40. Kxd6 Kf6 41. Kc7 a5 42. Kxb7 Kf5 43. c4 Kxf4 44. c5 Ke4 45. a3 Kd3 46. Kb6
Kc3 47. Kxa5 Kxb3 48. c6 Kxa3 49. c7 Kb2 50. c8=Q Kb3 51. Kb5 Ka3 52. Qc3+ Ka2
53. Qb4 Ka1 54. Kc4 Ka2 55. Kc3 Ka1 56. Qb2# 1-0

[Event "NAYCC U10 w"]
[Site "Windsor CAN"]
[Date "2016.08.08"]
[Round "3.150"]
[White "Kaur, Aradh"]
[Black "Wisniowski, Natalie"]
[Result "0-1"]
[WhiteElo "1198"]
[BlackElo "1333"]
[PlyCount "130"]
[EventDate "2016.08.07"]
[EventType "swiss"]
[EventRounds "9"]
[EventCountry "CAN"]

1. e4 c6 2. d4 d5 3. Nd2 dxe4 4. Nxe4 Bf5 5. Nc3 Nf6 6. Nf3 Nbd7 7. Be2 e6 8.
O-O Be7 9. b3 O-O 10. Bb2 c5 11. dxc5 Nxc5 12. Rc1 Qxd1 13. Rfxd1 Rfd8 14. Nh4
Rxd1+ 15. Bxd1 Bg4 16. Bxg4 Nxg4 17. Nf3 Bf6 18. h3 Ne5 19. Nxe5 Bxe5 20. Rd1
Rc8 21. Re1 Bxc3 22. Bxc3 Nxb3 23. Bxg7 Rxc2 24. Bf6 Rxa2 25. Rd1 Rd2 26. Rb1
Rd3 27. Re1 a5 28. Re5 Rd5 29. Re3 Nc5 30. Rg3+ Kf8 31. Rg7 Ne4 32. Bb2 Rb5 33.
Bd4 e5 34. Rg4 Nf6 35. Rh4 exd4 36. Rxd4 Rd5 37. Rc4 b5 38. Rc8+ Kg7 39. Ra8 b4
40. Kf1 b3 41. Rb8 a4 42. Rb4 Ra5 43. Ke2 a3 44. Rxb3 a2 45. Rg3+ Kf8 46. Rf3
a1=Q 47. Rd3 Re5+ 48. Kf3 Qe1 49. Re3 Rxe3+ 50. fxe3 Qf1+ 51. Kg3 Ne4+ 52. Kg4
Qxg2+ 53. Kf4 Qxh3 54. Kxe4 Ke7 55. Kd3 Kd6 56. Kd4 Qg4+ 57. Kd3 Kd5 58. Kc3
Qe4 59. Kd2 Kc4 60. Ke2 Kc3 61. Kf2 Kd3 62. Kg3 Kxe3 63. Kh3 Qg6 64. Kh4 Kf4
65. Kh3 Qg3# 0-1

[Event "NAYCC U10 w"]
[Site "Windsor CAN"]
[Date "2016.08.08"]
[Round "3.151"]
[White "Jain, Prisha"]
[Black "Pask, Katherine"]
[Result "0-1"]
[WhiteElo "1316"]
[BlackElo "1198"]
[PlyCount "50"]
[EventDate "2016.08.07"]
[EventType "swiss"]
[EventRounds "9"]
[EventCountry "CAN"]

1. e4 e5 2. Nf3 Nc6 3. d4 exd4 4. Nxd4 Bc5 5. Be3 Nxd4 6. Bxd4 Bxd4 7. Qxd4 Nf6
8. e5 Ng8 9. Bc4 d6 10. O-O Ne7 11. Nc3 O-O 12. Rad1 Be6 13. Bxe6 fxe6 14. exd6
Nc6 15. Qe4 e5 16. dxc7 Qxc7 17. Qd5+ Kh8 18. Qd7 Qb6 19. Na4 Qb4 20. b3 Rad8
21. Qe6 Qh4 22. Nc5 Rxd1 23. Rxd1 Qxf2+ 24. Kh1 Qf1+ 25. Rxf1 Rxf1# 0-1

[Event "NAYCC U10 w"]
[Site "Windsor CAN"]
[Date "2016.08.08"]
[Round "3.152"]
[White "Pang, Ashley"]
[Black "Shen, Isamel"]
[Result "1-0"]
[WhiteElo "1107"]
[BlackElo "1229"]
[PlyCount "107"]
[EventDate "2016.08.07"]
[EventType "swiss"]
[EventRounds "9"]
[EventCountry "CAN"]

1. e4 e5 2. Nf3 Nc6 3. d4 exd4 4. Nxd4 Bc5 5. Be3 Bxd4 6. Bxd4 Nxd4 7. Qxd4 Qg5
8. Qd5 Qc1+ 9. Qd1 Qxb2 10. Nd2 Ne7 11. Bc4 O-O 12. Rb1 Qf6 13. Rb3 d6 14. O-O
Rb8 15. Qh5 Be6 16. Bxe6 fxe6 17. Rh3 Qg6 18. Qa5 c6 19. Qc7 Qg5 20. Qxd6 Kh8
21. Nf3 Qf6 22. e5 Qg6 23. Qxe7 Rfe8 24. Qh4 h6 25. Rg3 Qh7 26. Rh3 Qxc2 27.
Ng5 Qg6 28. f4 Kg8 29. Nf3 Rf8 30. Nd4 Rbe8 31. Rg3 Qh7 32. Qh5 Qe4 33. Nf3 Qh7
34. Nh4 Rf7 35. f5 exf5 36. Rxf5 Ref8 37. Rgf3 g6 38. Nxg6 Rxf5 39. Rxf5 Rxf5
40. Qxf5 Qf7 41. Qxf7+ Kxf7 42. Nf4 Ke7 43. Kf2 c5 44. Ke3 c4 45. Kd4 b5 46.
Nd5+ Kd7 47. Nc3 a6 48. Kd5 Kc7 49. e6 Kd8 50. Kd6 Ke8 51. e7 b4 52. Ne4 c3 53.
Ke6 c2 54. Nf6# 1-0

[Event "NAYCC U10 w"]
[Site "Windsor CAN"]
[Date "2016.08.08"]
[Round "3.153"]
[White "Gorti, Atmika"]
[Black "Zhang, Wendy"]
[Result "1-0"]
[WhiteElo "1576"]
[BlackElo "848"]
[PlyCount "65"]
[EventDate "2016.08.07"]
[EventType "swiss"]
[EventRounds "9"]
[EventCountry "CAN"]

1. e4 e5 2. Nf3 Nc6 3. Bb5 Bd6 4. d4 a6 5. Ba4 b5 6. Bb3 Nf6 7. O-O Nxe4 8.
dxe5 Nxe5 9. Nxe5 Bxe5 10. Re1 Qh4 11. g3 Qh3 12. Rxe4 d6 13. Qf3 Bb7 14. Rxe5+
dxe5 15. Qxb7 O-O 16. Nc3 Rad8 17. Bg5 Rd4 18. Re1 h6 19. Be3 Rd7 20. Qxa6 b4
21. Nd5 Rfd8 22. Bxh6 Rd6 23. Ne7+ Kf8 24. Qc4 Re6 25. Ng6+ Kg8 26. Bg5 Rd4 27.
Qxc7 Red6 28. Qxf7+ Kh7 29. Nxe5 Qc8 30. Qh5+ Rh6 31. Bxh6 gxh6 32. Qf7+ Kh8
33. Ng6# 1-0

[Event "NAYCC U10 w"]
[Site "Windsor CAN"]
[Date "2016.08.08"]
[Round "3.154"]
[White "Harris, Roxana"]
[Black "Gilani, Mysha"]
[Result "0-1"]
[WhiteElo "1252"]
[BlackElo "1472"]
[PlyCount "144"]
[EventDate "2016.08.07"]
[EventType "swiss"]
[EventRounds "9"]
[EventCountry "CAN"]

1. e4 e5 2. Nf3 Nc6 3. Bb5 a6 4. Bxc6 dxc6 5. O-O Bd6 6. d4 Bg4 7. Qd3 Bxf3 8.
Qxf3 exd4 9. Re1 Be5 10. Bf4 Bxf4 11. Qxf4 Ne7 12. Nd2 O-O 13. e5 Ng6 14. Qg3
Re8 15. Nf3 c5 16. Rad1 Qd5 17. b3 Qc6 18. h4 a5 19. a4 b5 20. axb5 Qxb5 21. h5
Ne7 22. h6 Nf5 23. Qg5 Nxh6 24. Re4 Qc6 25. Rh4 Qg6 26. Qf4 Qxc2 27. Re1 Qxb3
28. Qg5 Qe6 29. Nd2 Qg6 30. Qf4 a4 31. Nc4 a3 32. Ra1 a2 33. Qc1 Nf5 34. Rh3 h6
35. Qb2 Qa6 36. Qc2 Reb8 37. Ra3 Qb5 38. R3xa2 Rxa2 39. Rxa2 Qb1+ 40. Qxb1
Rxb1+ 41. Kh2 Rc1 42. Ra8+ Kh7 43. Nb2 c4 44. Na4 d3 45. Rd8 Rc2 46. Nc5 Rxf2
47. Kh3 Ne3 48. g3 d2 49. Ne4 d1=Q 50. Rxd1 Nxd1 51. Nxf2 Nxf2+ 52. Kg2 c3 53.
Kxf2 c2 54. Ke3 c1=Q+ 55. Kd3 Qa3+ 56. Kd4 Qxg3 57. Kd5 c6+ 58. Kd6 c5 59. Kd5
c4 60. e6 fxe6+ 61. Kxc4 Qe5 62. Kd3 Kg6 63. Kd2 Qe4 64. Kd1 Qe3 65. Kc2 Qd4
66. Kb3 Qc5 67. Ka2 Qb4 68. Ka1 Kf5 69. Ka2 Ke4 70. Ka1 Kd3 71. Ka2 Kc2 72. Ka1
Qa3# 0-1

[Event "NAYCC U10 w"]
[Site "Windsor CAN"]
[Date "2016.08.08"]
[Round "3.155"]
[White "Kancharla, Meghana"]
[Black "Tao, Kaitlyn"]
[Result "1-0"]
[WhiteElo "1346"]
[BlackElo "626"]
[PlyCount "39"]
[EventDate "2016.08.07"]
[EventType "swiss"]
[EventRounds "9"]
[EventCountry "CAN"]

1. e4 e5 2. Nf3 Nc6 3. Bc4 Bc5 4. d3 h6 5. O-O Nf6 6. Nc3 O-O 7. Bd2 d6 8. h3
Qe7 9. Qe2 Be6 10. Bb3 Bxb3 11. axb3 Rad8 12. Nh2 Nd4 13. Qd1 a6 14. Nf3 Nh5
15. Nxd4 Qh4 16. Nf5 Qf6 17. Qxh5 Rd7 18. Qg4 Ra8 19. Nd5 Qe6 20. Qxg7# 1-0

[Event "NAYCC U10 w"]
[Site "Windsor CAN"]
[Date "2016.08.08"]
[Round "3.156"]
[White "Sivapathasundaram, Nithusa"]
[Black "Velea, Stephanie"]
[Result "0-1"]
[WhiteElo "638"]
[BlackElo "1268"]
[PlyCount "86"]
[EventDate "2016.08.07"]
[EventType "swiss"]
[EventRounds "9"]
[EventCountry "CAN"]

1. e4 c5 2. Nf3 d6 3. Bc4 Nc6 4. Ng5 Ne5 5. d3 Nxc4 6. dxc4 Nf6 7. O-O h6 8.
Nf3 Nxe4 9. Nc3 Nxc3 10. bxc3 g6 11. Bd2 Be6 12. Qe2 Bg7 13. Rab1 b6 14. Rfc1
Qd7 15. Kf1 Qa4 16. Qe4 Qxc4+ 17. Qxc4 Bxc4+ 18. Ke1 Bxa2 19. Rb2 Bc4 20. g3 b5
21. h4 b4 22. Rbb1 Bxc3 23. Bxc3 bxc3 24. g4 O-O 25. Rb7 e5 26. Nh2 a5 27. h5
gxh5 28. gxh5 a4 29. Ng4 Kg7 30. Ra1 a3 31. Rbb1 a2 32. Rd1 Rfb8 33. Ne3 Be6
34. Ke2 d5 35. Kd3 e4+ 36. Kxc3 d4+ 37. Kd2 dxe3+ 38. Kxe3 Kf6 39. Kxe4 Rd8 40.
Rxd8 Rxd8 41. Ke3 Rb8 42. Kd3 Rb1 43. Rxb1 axb1=Q 0-1

[Event "NAYCC U10 w"]
[Site "Windsor CAN"]
[Date "2016.08.08"]
[Round "3.157"]
[White "Ye, Sarah"]
[Black "Kobla, Rithika"]
[Result "0-1"]
[WhiteElo "914"]
[BlackElo "953"]
[PlyCount "92"]
[EventDate "2016.08.07"]
[EventType "swiss"]
[EventRounds "9"]
[EventCountry "CAN"]

1. e4 c5 2. Nf3 d6 3. Bc4 e6 4. Nc3 Nf6 5. d3 Nc6 6. Bg5 Be7 7. O-O O-O 8. h3
Bd7 9. Re1 a6 10. e5 dxe5 11. Nxe5 h6 12. Bh4 Qc7 13. Bg3 Bd6 14. Nxd7 Qxd7 15.
Bh4 Be5 16. Bxf6 Bxf6 17. Re4 b5 18. Bb3 b4 19. Na4 Nd4 20. Qh5 Qd6 21. Rg4 Bg5
22. h4 g6 23. Rxd4 Qxd4 24. Qe2 Bxh4 25. c3 bxc3 26. bxc3 Qf6 27. Bd1 Rac8 28.
Qf3 Qxf3 29. Bxf3 Rfd8 30. Bb7 Rc7 31. Bxa6 Bf6 32. a3 Ra7 33. Bb5 Ra5 34. c4
Bxa1 35. Bc6 Rd6 36. Be8 Kf8 37. Bb5 Rxd3 38. Nb6 Rd1+ 39. Kh2 Be5+ 40. Kh3
Rh1+ 41. Kg4 f5+ 42. Kf3 Rxa3+ 43. Ke2 Rb1 44. Nd7+ Ke7 45. Nxe5 Rb2+ 46. Ke1
Ra1# 0-1

[Event "NAYCC U10 w"]
[Site "Windsor CAN"]
[Date "2016.08.08"]
[Round "3.158"]
[White "Wang, Jenna"]
[Black "Zhou, Madison"]
[Result "1/2-1/2"]
[WhiteElo "685"]
[BlackElo "737"]
[PlyCount "126"]
[EventDate "2016.08.07"]
[EventType "swiss"]
[EventRounds "9"]
[EventCountry "CAN"]

1. d4 d5 2. Nc3 Nf6 3. Nf3 Bf5 4. Bg5 h6 5. Bxf6 gxf6 6. e3 e6 7. Bb5+ Nc6 8.
O-O a6 9. Bxc6+ bxc6 10. Rb1 Bb4 11. a3 Bd6 12. b4 O-O 13. Qe2 a5 14. bxa5 Rxa5
15. a4 e5 16. Qd2 exd4 17. exd4 Re8 18. Ra1 Bb4 19. Rfb1 Bxc3 20. Qxc3 Ra6 21.
a5 Re2 22. Rb2 Qe8 23. h3 Qe7 24. Rba2 Be4 25. Nd2 Qe6 26. Nb3 Qe7 27. Nc5 Ra7
28. a6 Bf5 29. Nd3 Bxd3 30. cxd3 Rxa2 31. Rxa2 Qe8 32. Qc5 Qa8 33. Qa3 f5 34.
f4 f6 35. h4 h5 36. g3 c5 37. dxc5 c6 38. d4 Kf8 39. Kf2 Ke8 40. Qa5 Kd7 41.
Ke3 Qb8 42. Ra3 Qb5 43. Qxb5 cxb5 44. Kd3 b4 45. Ra1 Kc6 46. Kc2 Kb5 47. Kb3
Rxa6 48. Rxa6 Kxa6 49. Kxb4 Kb7 50. Kb5 Kc7 51. Ka6 Kc6 52. Ka5 Kb7 53. Kb4 Kc6
54. Ka5 Kb7 55. Kb5 Kc7 56. Ka6 Kc6 57. Ka7 Kc7 58. Ka6 Kc6 59. Ka5 Kc7 60. Kb5
Kb7 61. Ka4 Ka6 62. Kb4 Kb7 63. Kc3 Kc6 1/2-1/2

[Event "NAYCC U10 w"]
[Site "Windsor CAN"]
[Date "2016.08.08"]
[Round "3.159"]
[White "Yeung, Sydney"]
[Black "Kondakova, Elena"]
[Result "1-0"]
[WhiteElo "742"]
[BlackElo "1182"]
[PlyCount "161"]
[EventDate "2016.08.07"]
[EventType "swiss"]
[EventRounds "9"]
[EventCountry "CAN"]

1. e4 g6 2. Nf3 Bg7 3. Nc3 c6 4. d4 d5 5. exd5 cxd5 6. Bb5+ Bd7 7. Bxd7+ Nxd7
8. Nxd5 Ngf6 9. Nxf6+ Nxf6 10. O-O O-O 11. Bg5 Ne4 12. c3 Nxg5 13. Nxg5 e5 14.
Nf3 e4 15. Ne1 Re8 16. Nc2 Bh6 17. f3 e3 18. Re1 Qh4 19. g3 Qe7 20. Qe2 f5 21.
f4 g5 22. Nxe3 gxf4 23. gxf4 Bxf4 24. Qg2+ Qg5 25. Qxg5+ Bxg5 26. Nxf5 Rf8 27.
Ne7+ Kg7 28. Nd5 Bh4 29. Rf1 Rxf1+ 30. Rxf1 Rf8 31. Rxf8 Kxf8 32. b4 Ke8 33.
Kf1 Kd7 34. Ke2 Kc6 35. c4 b5 36. Kd3 Bf2 37. Ne7+ Kb6 38. d5 Bh4 39. Nf5 Bd8
40. cxb5 Kxb5 41. Kc3 a5 42. bxa5 Bxa5+ 43. Kd4 Bd8 44. a4+ Kxa4 45. Kc5 Ka5
46. d6 Bb6+ 47. Kc6 Ka6 48. Kd7 Kb7 49. Ke8 Kc8 50. d7+ Kb7 51. d8=Q Bxd8 52.
Kxd8 h5 53. Ke7 Kc6 54. Kf6 Kd5 55. Kg5 Ke5 56. Ng3 h4 57. Kxh4 Kf4 58. h3 Kf3
59. Nf5 Kf4 60. Nh6 Kf3 61. Kg5 Kg3 62. h4 Kh3 63. h5 Kh2 64. Nf7 Kh3 65. h6
Kg3 66. h7 Kf3 67. h8=Q Kg2 68. Nd8 Kf3 69. Qd4 Kg2 70. Qd3 Kf2 71. Kg4 Kg2 72.
Qg3+ Kh1 73. Qd3 Kg2 74. Qg3+ Kh1 75. Qf3+ Kg1 76. Kf4 Kh2 77. Ke3 Kg1 78. Qf2+
Kh1 79. Qd2 Kg1 80. Kf3 Kf1 81. Qf2# 1-0

[Event "NAYCC U10 w"]
[Site "Windsor CAN"]
[Date "2016.08.09"]
[Round "4.153"]
[White "Wisniowski, Natalie"]
[Black "Pang, Ashley"]
[Result "1/2-1/2"]
[WhiteElo "1333"]
[BlackElo "1107"]
[PlyCount "93"]
[EventDate "2016.08.07"]
[EventType "swiss"]
[EventRounds "9"]
[EventCountry "CAN"]

1. e4 e5 2. Nf3 Nc6 3. Nc3 Nf6 4. Bb5 a6 5. Ba4 Bc5 6. d3 d6 7. h3 h6 8. O-O
Bd7 9. Re1 O-O 10. Be3 Bb4 11. Qd2 Bxc3 12. Qxc3 Nd4 13. Bxd7 Nxf3+ 14. gxf3
Qxd7 15. Kh2 Rfe8 16. Rg1 Kh8 17. Rg2 Rg8 18. Rag1 Rae8 19. f4 Qc6 20. Qxc6
bxc6 21. f5 d5 22. f3 d4 23. Bd2 Nh5 24. Rf1 Nf6 25. f4 Nd7 26. fxe5 Nxe5 27.
Bf4 f6 28. Bxe5 Rxe5 29. Rb1 Kh7 30. b4 Rb8 31. Rbg1 Re7 32. a3 a5 33. bxa5 Ra8
34. Rb1 Rxa5 35. Rb3 Re8 36. c3 Rb5 37. Rxb5 cxb5 38. cxd4 Rd8 39. d5 Ra8 40.
Rb2 Rxa3 41. Rxb5 Rxd3 42. Rb4 g6 43. fxg6+ Kxg6 44. Rc4 f5 45. exf5+ Kxf5 46.
Rxc7 Rxd5 47. Rc2 1/2-1/2

[Event "NAYCC U10 w"]
[Site "Windsor CAN"]
[Date "2016.08.09"]
[Round "4.154"]
[White "Pask, Katherine"]
[Black "Gorti, Atmika"]
[Result "1-0"]
[WhiteElo "1198"]
[BlackElo "1576"]
[PlyCount "123"]
[EventDate "2016.08.07"]
[EventType "swiss"]
[EventRounds "9"]
[EventCountry "CAN"]

1. e4 c5 2. Bc4 d6 3. Nc3 Nf6 4. d3 g6 5. Be3 Nc6 6. Nf3 Bg7 7. Qd2 Bd7 8. h3
a6 9. Bh6 O-O 10. Bxg7 Kxg7 11. O-O b5 12. Bd5 b4 13. Ne2 e6 14. Bb3 a5 15. a3
a4 16. Ba2 Qe7 17. Ng3 Rfb8 18. Rfe1 Ne8 19. Bc4 b3 20. c3 Na5 21. Qf4 Nxc4 22.
dxc4 e5 23. Qd2 Be6 24. Qe2 f6 25. Rf1 Qf7 26. Nd2 Rd8 27. f4 Qg8 28. Rf3 Nc7
29. Raf1 Rf8 30. f5 Bc8 31. Nh5+ Kh8 32. fxg6 hxg6 33. Nxf6 Qe6 34. Nd5 Rxf3
35. Qxf3 Nxd5 36. cxd5 Qg8 37. Qf6+ Qg7 38. Qh4+ Kg8 39. Nf3 Ba6 40. Rf2 Rf8
41. Ng5 Rxf2 42. Qxf2 Bc8 43. Qh4 Bd7 44. Ne6 Bxe6 45. dxe6 g5 46. Qg4 Kf8 47.
Qf5+ Ke7 48. Qf7+ Qxf7 49. exf7 Kxf7 50. Kf2 Ke6 51. Kf3 d5 52. exd5+ Kxd5 53.
Ke3 e4 54. g3 Ke5 55. h4 g4 56. h5 Kf5 57. h6 Kg6 58. h7 Kxh7 59. Kxe4 Kg6 60.
Kf4 Kh5 61. Kf5 c4 62. Kf4 1-0

[Event "NAYCC U10 w"]
[Site "Windsor CAN"]
[Date "2016.08.09"]
[Round "4.155"]
[White "Gilani, Mysha"]
[Black "Kaur, Aradh"]
[Result "1-0"]
[WhiteElo "1472"]
[BlackElo "1198"]
[PlyCount "73"]
[EventDate "2016.08.07"]
[EventType "swiss"]
[EventRounds "9"]
[EventCountry "CAN"]

1. d4 d5 2. c4 e6 3. Nc3 Nf6 4. cxd5 exd5 5. Bg5 Be7 6. e3 O-O 7. Bd3 b6 8. Qc2
Nbd7 9. Nge2 Bb7 10. O-O Rc8 11. f3 Re8 12. e4 dxe4 13. fxe4 Nxe4 14. Nxe4 Bxg5
15. Nxg5 Qxg5 16. Bxh7+ Kh8 17. Ng3 Nf6 18. Bf5 Qe3+ 19. Kh1 Rb8 20. Qxc7 Qd2
21. Bh3 Ng4 22. Qxf7 Ne3 23. Rf2 Qxd4 24. Qh5+ Kg8 25. Be6+ Rxe6 26. Qf7+ Kh8
27. Qxe6 Nd1 28. Qh3+ Kg8 29. Qe6+ Kh8 30. Qh3+ Kg8 31. Qe6+ Kh8 32. Rxd1 Qxd1+
33. Rf1 Rd8 34. Qf5 Qd5 35. Qh3+ Kg8 36. Nf5 Rc8 37. Ne7# 1-0

[Event "NAYCC U10 w"]
[Site "Windsor CAN"]
[Date "2016.08.09"]
[Round "4.156"]
[White "Velea, Stephanie"]
[Black "Kancharla, Meghana"]
[Result "1-0"]
[WhiteElo "1268"]
[BlackElo "1346"]
[PlyCount "99"]
[EventDate "2016.08.07"]
[EventType "swiss"]
[EventRounds "9"]
[EventCountry "CAN"]

1. e4 e5 2. Nf3 Nc6 3. Nc3 Nf6 4. Bb5 Bc5 5. Bxc6 dxc6 6. Nxe5 Bxf2+ 7. Kxf2
Qd4+ 8. Ke1 Qxe5 9. d4 Qe7 10. Bg5 Qe6 11. Bxf6 Qxf6 12. h3 O-O 13. e5 Qd8 14.
Qd3 Be6 15. Qe3 h6 16. Rd1 Qg5 17. Qxg5 hxg5 18. h4 gxh4 19. Rxh4 Rfe8 20. Kf2
f6 21. exf6 gxf6 22. Rdh1 Kf8 23. Rh8+ Ke7 24. R1h7+ Kd8 25. Rxe8+ Kxe8 26.
Rh8+ Kf7 27. Rxa8 a6 28. Rb8 b6 29. Rb7 Kg6 30. Rxc7 c5 31. dxc5 bxc5 32. Rxc5
Bf5 33. Ra5 Bxc2 34. Rxa6 Bd3 35. Ra7 Bf5 36. b4 Be6 37. b5 Bc8 38. b6 f5 39.
b7 Bxb7 40. Rxb7 f4 41. a4 Kf6 42. a5 Ke6 43. a6 Kd6 44. a7 Kc5 45. a8=Q Kc4
46. Qc8+ Kd3 47. Rd7+ Kc2 48. Ne4+ Kb3 49. Rb7+ Ka4 50. Qa8# 1-0

[Event "NAYCC U10 w"]
[Site "Windsor CAN"]
[Date "2016.08.09"]
[Round "4.157"]
[White "Shen, Isamel"]
[Black "Jain, Prisha"]
[Result "1/2-1/2"]
[WhiteElo "1229"]
[BlackElo "1316"]
[PlyCount "100"]
[EventDate "2016.08.07"]
[EventType "swiss"]
[EventRounds "9"]
[EventCountry "CAN"]

1. e4 c5 2. Nf3 Nc6 3. d4 cxd4 4. Nxd4 g6 5. Be2 Bg7 6. Nf3 d6 7. O-O Nf6 8.
Nc3 Be6 9. Be3 O-O 10. Qd2 Qc7 11. Bh6 Rad8 12. Bxg7 Kxg7 13. Qf4 Qb6 14. b3 d5
15. exd5 Nxd5 16. Nxd5 Rxd5 17. Rad1 Rc5 18. c4 Ra5 19. Qd2 Rd8 20. Qb2+ Kg8
21. Rxd8+ Qxd8 22. Rd1 Qb6 23. Nd4 Nxd4 24. Rxd4 Rxa2 25. Qxa2 Qxd4 26. h3 a6
27. Bf3 b5 28. Qxa6 bxc4 29. bxc4 Qxc4 30. Qxc4 Bxc4 31. Bc6 Kg7 32. f4 Kf6 33.
Kf2 g5 34. g3 gxf4 35. gxf4 e5 36. Kf3 Ke6 37. Ke3 exf4+ 38. Kxf4 Kf6 39. Be4
h6 40. h4 Ke6 41. Bf5+ Kf6 42. Be4 Be2 43. Bh7 h5 44. Be4 Bg4 45. Bd3 Ke6 46.
Bc4+ Kf6 47. Bd3 Ke6 48. Bc4+ Kf6 49. Bd3 Ke6 50. Bc4+ Kf6 1/2-1/2

[Event "NAYCC U10 w"]
[Site "Windsor CAN"]
[Date "2016.08.09"]
[Round "4.158"]
[White "Kobla, Rithika"]
[Black "Harris, Roxana"]
[Result "1/2-1/2"]
[WhiteElo "953"]
[BlackElo "1252"]
[PlyCount "125"]
[EventDate "2016.08.07"]
[EventType "swiss"]
[EventRounds "9"]
[EventCountry "CAN"]

1. e4 e5 2. Nf3 Nc6 3. Bc4 Nf6 4. d3 Bc5 5. c3 d6 6. d4 exd4 7. cxd4 Bb4+ 8.
Bd2 Nxe4 9. Bxb4 Nxb4 10. Qa4+ Nc6 11. d5 Bd7 12. dxc6 Bxc6 13. Bb5 Bxb5 14.
Qxb5+ Kf8 15. Qxb7 Qe8 16. O-O Nc5 17. Qxc7 Qe7 18. Qxe7+ Kxe7 19. Re1+ Kd7 20.
Nc3 Nd3 21. Re2 Rab8 22. Rd1 Nxb2 23. Ne5+ Kc7 24. Nd5+ Kd8 25. Nxf7+ Kd7 26.
Re7+ Kc6 27. Rc7+ Kb5 28. Nxd6+ Ka6 29. Rc3 Na4 30. Ra3 Ka5 31. h3 Rhd8 32. Nc3
Kb4 33. Rb1+ Kc5 34. Nce4+ Kd4 35. Rd1+ Ke5 36. f4+ Kxf4 37. Rf3+ Ke5 38. Rf5+
Ke6 39. Ng5+ Kd7 40. Nb5+ Kc6 41. Nxa7+ Kb6 42. Rxd8 Rxd8 43. Nb5 g6 44. Re5
Rd1+ 45. Kf2 Rd2+ 46. Kg3 Rxa2 47. Nxh7 Nb2 48. h4 Ra5 49. h5 gxh5 50. Rxh5
Rxb5 51. Rxb5+ Kxb5 52. Kf4 Nc4 53. g4 Nd6 54. g5 Nf7 55. g6 Nh6 56. g7 Kc6 57.
Kg5 Ng8 58. Nf6 Ne7 59. Kh6 Kd6 60. Kh7 Ke6 61. Ng8 Nf5 62. Nf6 Nxg7 63. Kxg7
1/2-1/2

[Event "NAYCC U10 w"]
[Site "Windsor CAN"]
[Date "2016.08.09"]
[Round "4.159"]
[White "Surya, Dania"]
[Black "Ye, Sarah"]
[Result "1-0"]
[WhiteElo "626"]
[BlackElo "914"]
[PlyCount "41"]
[EventDate "2016.08.07"]
[EventType "swiss"]
[EventRounds "9"]
[EventCountry "CAN"]

1. e4 e5 2. d4 exd4 3. c3 dxc3 4. Bc4 Nf6 5. Nxc3 Bb4 6. Bxf7+ Kxf7 7. Qb3+ d5
8. Qxb4 dxe4 9. Bg5 Bf5 10. Nge2 Re8 11. O-O Kg8 12. Rfe1 Nc6 13. Qxb7 Na5 14.
Qb5 c6 15. Qxf5 Rf8 16. Qe6+ Rf7 17. Nxe4 h6 18. Nxf6+ Kh8 19. Qxf7 Rb8 20. Nf4
Rxb2 21. Ng6# 1-0

[Event "NAYCC U10 w"]
[Site "Windsor CAN"]
[Date "2016.08.09"]
[Round "4.160"]
[White "Zhang, Wendy"]
[Black "Sivapathasundaram, Nithusa"]
[Result "1-0"]
[WhiteElo "848"]
[BlackElo "638"]
[PlyCount "39"]
[EventDate "2016.08.07"]
[EventType "swiss"]
[EventRounds "9"]
[EventCountry "CAN"]

1. e4 e5 2. Nf3 Nc6 3. Bc4 Bc5 4. O-O Nf6 5. d3 O-O 6. Bg5 d6 7. h3 Bd7 8. a3
h6 9. Bh4 Be6 10. Ba2 Bxa2 11. Rxa2 d5 12. Nc3 d4 13. Nd5 Be7 14. Nxe7+ Qxe7
15. Nh2 Qe6 16. Ng4 Qxa2 17. Nxf6+ gxf6 18. Qg4+ Kh8 19. Bxf6+ Kh7 20. Qg7# 1-0

[Event "NAYCC U10 w"]
[Site "Windsor CAN"]
[Date "2016.08.09"]
[Round "4.161"]
[White "Zhou, Madison"]
[Black "Yeung, Sydney"]
[Result "1-0"]
[WhiteElo "737"]
[BlackElo "742"]
[PlyCount "33"]
[EventDate "2016.08.07"]
[EventType "swiss"]
[EventRounds "9"]
[EventCountry "CAN"]

1. e4 e5 2. Nf3 Nc6 3. Bc4 Bc5 4. O-O Nf6 5. Nc3 O-O 6. d3 d6 7. h3 Bd7 8. Bg5
h6 9. Bh4 Bd4 10. Nxd4 exd4 11. Nd5 Ne5 12. Nxf6+ gxf6 13. Bb3 c6 14. Qd2 Qe8
15. Qxh6 Be6 16. Bxf6 Bxb3 17. Qh8# 1-0